000 00936nam a2200253 i 4500
001 98181
003 ES-MaACL
005 20250901043409.0
007 t|
008 050726s1970 sp ||||1| spa d
080 _a342:396
100 1 _aMarsá Vancells, Plutarco.
_977100
245 1 3 _aLa mujer en el derecho político /
_cPlutarco Marsá Vancells.
260 _aPamplona :
_bUniversidad de Navarra,
_c1970.
300 _a494 p. ;
_c22 cm.
490 1 _aPublicaciones de la Facultad de Derecho de la Universidad de Navarra ;
_v43
502 _aTesis-Universidad de Madrid.
650 4 _aMujeres-
_xDerechos
_915263
710 2 _aUniversidad de Navarra.
_bFacultad de Derecho.
_97253
710 2 _aUniversidad Central (Madrid).
_bFacultad de Derecho.
_97090
830 1 0 _aPublicaciones de la Facultad de Derecho de la Universidad de Navarra
_v43
_9186810
852 4 _aES-MaACL
_jG-6793
999 _c98181
_d98181